स्वगत (Record no. 959169)

MARC details
000 -LEADER
fixed length control field 00348nam a2200133Ia 4500
008 - FIXED-LENGTH DATA ELEMENTS--GENERAL INFORMATION
fixed length control field 151001s9999||||xx |||||||||||||| ||und||
100 ## - MAIN ENTRY--PERSONAL NAME
Personal name जयप्रकाश नारायण
245 ## - TITLE STATEMENT
Title स्वगत
250 ## - EDITION STATEMENT
Edition statement 1
260 ## - PUBLICATION, DISTRIBUTION, ETC. (IMPRINT)
Name of publisher, distributor, etc अभय प्रकाशन नांदेड
260 ## - PUBLICATION, DISTRIBUTION, ETC. (IMPRINT)
Date of publication, distribution, etc 1976
300 ## - PHYSICAL DESCRIPTION
Extent 135
365 ## - TRADE PRICE
Price amount 21

No items available.